El gran galeoto : (Record no. 170327)

MARC details
000 -LEADER
campo de control de longitud fija 00788nam a22002055i 4500
001 - NÚMERO DE CONTROL
campo de control 170327
003 - IDENTIFICADOR DE NÚMERO DE CONTROL
campo de control ES-MaACL
005 - FECHA Y HORA DE LA ÚLTIMA TRANSACCIÓN
campo de control 20230906214345.0
008 - DATOS DE LONGITUD FIJA--INFORMACIÓN GENERAL
campo de control de longitud fija 090224q1885 sp |||| | spa d
080 ## - NÚMERO DE LA CLASIFICACIÓN DECIMAL UNIVERSAL
Número de la Clasificación Decimal Universal 821.134.2-23"18"
100 1# - ENTRADA PRINCIPAL--NOMBRE DE PERSONA
Nombre de persona Echegaray, José,
Fechas asociadas al nombre 1832-1916
9 (RLIN) 46526
245 13 - MENCIÓN DEL TÍTULO
Título El gran galeoto :
Resto del título drama en tres actos y en verso precedido de un diálogo en prosa /
Mención de responsabilidad, etc. por José Echegaray.
250 ## - MENCION DE EDICION
Mención de edición 15ª ed.
260 ## - PUBLICACIÓN, DISTRIBUCIÓN, ETC.
Lugar de publicación, distribución, etc. Madrid :
Nombre del editor, distribuidor, etc. Sociedad de Autores Españoles,
Fecha de publicación, distribución, etc. [ca. 1885] (
Fabricante Tip. Yagües)
300 ## - DESCRIPCIÓN FÍSICA
Extensión 124 p. ;
Dimensiones 20 cm.
490 1# - MENCIÓN DE SERIE
Mención de serie Colección de obras líricas dramáticas y líricas
830 1# - PUNTO DE ACCESO ADICIONAL DE SERIE-TÍTULO UNIFORME
Título uniforme Colección de obras líricas dramáticas y líricas
9 (RLIN) 188928
852 4# - LOCALIZACIÓN
Ubicación ES-MaACL
Número de control de estantería 2249-F-19
Nota libre - Biblioteca Jacinto Martínez Lacalle
Holdings
Estatus retirado Estado de pérdida Estado de daño No para préstamo Colección Biblioteca de origen Biblioteca actual Ubicación en estantería Fecha de adquisición Fuente de adquisición Total de préstamos Signatura topográfica completa Código de barras Visto por última vez Precio de reemplazo Tipo de ítem Koha
        Colección de folletos Biblioteca del Ateneo de Madrid Biblioteca del Ateneo de Madrid Depósito folletos 24/02/2009     2249-F-19 1178814 23/02/2023 23/02/2023 Folleto